Normal view
MARC view
Entry Personal Name
001 - CONTROL NUMBER
- control field: 56095
003 - CONTROL NUMBER IDENTIFIER
- control field: dpl
005 - DATE AND TIME OF LATEST TRANSACTION
- control field: 20230906164422.0
008 - FIXED-LENGTH DATA ELEMENTS
- fixed length control field: 230906|| aca||aabn | a|a d
040 ## - CATALOGING SOURCE
- Original cataloging agency: dpl
- Transcribing agency: dpl
100 ## - HEADING--PERSONAL NAME
- Personal name: अग्रवाल,चन्द्र कुमार
670 ## - SOURCE DATA FOUND
- Source citation: Work cat.: (dpl)197949: अग्रवाल,चन्द्र कुमार , सियार की शैतानी/, 2022
